| 000 | 01403nam a2200325 i 4500 | ||
|---|---|---|---|
| 001 | 768714001 | ||
| 003 | CO-MdFUSB | ||
| 005 | 20240912092304.0 | ||
| 007 | ta | ||
| 008 | 240912t2008 -us||||| |||| 00| 0 spa d | ||
| 020 | _a978-1-60255-098-8 | ||
| 040 |
_bspa. _aCO-MdFUSB _cCO-MdFUSB _dCO-MdFUSBC _erda |
||
| 041 | _aspa | ||
| 082 |
_223 _a268.08 _bD346 |
||
| 100 |
_aDe León, Jeffrey, _eautor |
||
| 245 | 0 |
_aCuando las consecuencias no son suficientes _c/ Dr. Jeffrey De León |
|
| 264 | 1 |
_aNashville, Tennessee, Estados Unidos de América : _bGrupo Nelson, _c2008 |
|
| 264 | 4 | _c©2008 | |
| 300 |
_a237 páginas _c; 22 cm |
||
| 336 |
_2rdacontent _atexto _btxt |
||
| 337 |
_2rdamedia _asin mediación _bn |
||
| 338 |
_2rdacarrier _avolumen _bnc |
||
| 500 | _aIncluye índice | ||
| 505 | _gCAPÍTULO 1: El desafío cultural / CAPÍTULO 2: La idea de las consecuencias / CAPÍTULO 3: La razón de la «cultura anticonsecuencias / CAPÍTULO 4: La razón de «corto plazo y de largo plazo / CAPÍTULO 5: La razón de la «falta de experiencia>> / CAPÍTULO 6: La razón para «proteger a nuestros hijos / CAPÍTULO 7: La razón: «Escuche a su corazón» / CAPÍTULO 8: Forje la grandeza / CAPÍTULO 9: Decisiones relacionales / CAPÍTULO 10: Las cuatro P | ||
| 563 | _aRústica | ||
| 650 | 0 |
_aFamilias _9292 |
|
| 650 | 0 |
_aVida cristiana _919 |
|
| 942 | _cBK | ||
| 945 | _aCatherine Arias Alvarez | ||
| 999 |
_c70919 _d70919 |
||